• 首页
  • 本馆介绍
  • 公告通知
  • 最新文献
  • 馆藏检索
  • 电子资源
  • 读者导购
  • 参考咨询
  • 我的图书馆
  • 登录
  • 详细信息显示
  • 放入我的书架
  • 预约/预借图书
  • 作者相关作品
  • 分类相关作品
  • 丛书相关作品
  • 出版社相关作品

书目信息

  • 表格格式
  • 工作单格式
  • 卡片格式
题名:
污染源条码制统计技术及应用
    
 
作者: 赵晓宏 , 易爱华 , 宋佳 编著
分册:  
出版信息: 北京   化学工业出版社  2018
页数: 169页
开本: 26cm
丛书名: 环保公益性行业科研专项经费项目系列丛书
单 册:
中图分类: X501-39 , X501
科图分类:
主题词: 条码技术--tiao ma ji shu--应用--污染源--统计
电子资源:
ISBN: 978-7-122-32142-8
000 01262nam 2200313 450
001 012001003469
005 20140130173835.0
010    @a978-7-122-32142-8@dCNY85.00
099    @aCAL 012018130267
100    @a20180907d2018 em y0chiy50 ea
101 0  @achi
102    @aCN@b110000
105    @aak a 000yy
106    @ar
200 1  @a污染源条码制统计技术及应用@Awu ran yuan tiao ma zhi tong ji ji shu ji ying yong@f赵晓宏, 易爱华, 宋佳等编著
210    @a北京@c化学工业出版社@d2018
215    @a169页@c图@d26cm
225 2  @a环保公益性行业科研专项经费项目系列丛书@Ahuan bao gong yi xing xing ye ke yan zhuan xiang jing fei xiang mu xi lie cong shu
320    @a有书目 (第166-169页)
330    @a本书共9章,首先介绍了条码技术在国内外各行各业中的应用情况;其次在分析我国环境管理现状的基础上提出了条码技术对于减排统计的可行性及必要性;再后,根据条码技术的特点建立起实施框架和开展方案。
410  0 @12001 @a环保公益性行业科研专项经费项目系列丛书
606 0  @a条码技术@Atiao ma ji shu@x应用@x污染源@x统计
690    @aX501-39@v4
690    @aX501@v4
701  0 @a赵晓宏@Azhao xiao hong@4编著
701  0 @a易爱华@Ayi ai hua@4编著
701  0 @a宋佳@Asong jia@4编著
801  0 @aCN@b北京卓展@c20191020
905    @b1211763-6@dX501-39@e217@f4
    
    污染源条码制统计技术及应用/赵晓宏, 易爱华, 宋佳等编著.-北京:化学工业出版社,2018
    169页:图;26cm.-(环保公益性行业科研专项经费项目系列丛书)
    
    
    ISBN 978-7-122-32142-8:CNY85.00
    本书共9章,首先介绍了条码技术在国内外各行各业中的应用情况;其次在分析我国环境管理现状的基础上提出了条码技术对于减排统计的可行性及必要性;再后,根据条码技术的特点建立起实施框架和开展方案。
●
相关链接 在E读中查询图书 在五车中查询图书 在当当中查询图书 在豆瓣中查询图书


正题名:污染源条码制统计技术及应用     索取号:X501-39/217         预约/预借

序号 登录号 条形码 馆藏地/架位号 状态 备注
1 1211763   212117635   第二样本阅览室/ [索取号:X501-39/217] 在馆    
2 1211764   212117644   第三借阅区/ [索取号:X501-39/217] 在馆    
3 1211765   212117653   第三借阅区/ [索取号:X501-39/217] 在馆    
4 1211766   212117662   第三借阅区/ [索取号:X501-39/217] 在馆    
唐山师范学院图书馆 欢迎您!
大连网信软件有限公司© 版权所有